Nové názory v ekonomickej teórii na Slovensku v prvej polovici šesťdesiatych rokov 20. storočia

Článok mapuje prvú polovicu 60-tych rokov v ekonomickej teórii na Slovensku. Hľadanie príčin ekonomickej krízy v Československu v tomto období. Prvé pokusy o prekonávanie dogmatického myslenia v ekonomike. Kritika dovtedajšieho uplatňovania centralistického modelu riadenia a metód hodnotenia rozvoja...

ver descrição completa

Na minha lista:
Detalhes bibliográficos
Autor principal: Londák, Miroslav
Formato: Capítulo de Livro
Idioma:eslovaco
Assuntos:
Tags: Adicionar Tag
Sem tags, seja o primeiro a adicionar uma tag!

MARC

LEADER 00000naa a2200000 4500
001 r042271
005 20230530130310.5
041 0 |a slo 
044 |a SK 
245 1 0 |a Nové názory v ekonomickej teórii na Slovensku v prvej polovici šesťdesiatych rokov 20. storočia  |c Miroslav Londák 
520 |a Článok mapuje prvú polovicu 60-tych rokov v ekonomickej teórii na Slovensku. Hľadanie príčin ekonomickej krízy v Československu v tomto období. Prvé pokusy o prekonávanie dogmatického myslenia v ekonomike. Kritika dovtedajšieho uplatňovania centralistického modelu riadenia a metód hodnotenia rozvoja Slovenska v spoločnom štáte. 
610 2 0 |a teórie ekonomické 
610 2 0 |a myslenie ekonomické 
610 2 0 |a história 
610 2 0 |a modely ekonomické 
610 2 0 |a 1960-1970 
610 2 0 |a Československo 
610 2 0 |a Slovensko 
100 1 |a Londák, Miroslav